000 nam a22 7a 4500
999 _c8706
_d8706
008 180119b ||||| |||| 00| 0 eng d
100 _aBhattacharjee.T.
_92947
245 _aGeography Map Work Book
260 _aNew Delhi
_bGoyal
_c2009